000 00705nam a2200253Ia 4500
001 45442
005 20240114003712.0
007 ta
008 090311s1913 g b000 u 465 u
040 _aCotton College,Assam
041 _a465
082 _a822.78
_bH 784 D
100 _aSlous, Frederick L. .
245 0 _aDramatic Works of Victor Hugo /
_cFrederick L. Slous, Newton Crosland.
_hTextual Documents
250 _a1st ed /
260 _aLondon :
_bG. Bell & Sons Ltd. ,
_c1913.
300 _a430p ;
_c21 cm.
653 _aEnglish Literature
653 _aT/G-English Literature
700 _aCrosland, Newton .
942 _2ddc
_cBK
999 _c45407
_d45407